Comuni della Provincia del Sulcis Iglesiente (con mappa) - Statistics

Statistiche generali
  • Questo quiz è stato fatto 20 volte
  • Il punteggio medio è 19 su 24
Risposte nella Mappa
Le risposte nella mappa del quiz sottostante sono codificate secondo una scala di colori dal rosso al verde in base alla % di persone che hanno risposto correttamente.
 
Statistiche sulle risposte
Risposta % Corretto
Carbonia
100%
Iglesias
100%
Sant'Antioco
100%
Calasetta
90%
Carloforte
90%
Buggerru
80%
Musei
80%
Piscinas
80%
Teulada
80%
Villamassargia
80%
Domusnovas
70%
Fluminimaggiore
70%
Giba
70%
Gonnesa
70%
Masainas
70%
Narcao
70%
Nuxis
70%
Perdaxius
70%
Portoscuso
70%
San Giovanni Suergiu
70%
Santadi
70%
Sant'Anna Arresi
70%
Tratalias
70%
Villaperuccio
70%
Nessun quiz corrispondente trovato
Distribuzione punteggi
Percentuale di utenti per punteggio
Percentile per numero di risposta
I tuoi punteggi nel tempo
Non hai fatto questo quiz